| 000 | 00648nam a2200241Ia 4500 | ||
|---|---|---|---|
| 005 | 20260430150343.0 | ||
| 008 | 008 250103s9999 xx 000 0 eng d | ||
| 037 | _aTheses | ||
| 040 | _aCRL | ||
| 040 | _beng | ||
| 040 | _ceng | ||
| 041 | _2eng | ||
| 041 | _aeng | ||
| 084 | _qCRL | ||
| 100 |
_aSingh Amrita Au.; . Devadawson Christel R Gu. _91237234 |
||
| 245 | 0 | _aGraphic life Narratives as Critical Interventions in the 21st Century | |
| 260 | _c2023 | ||
| 300 | _a391p. | ||
| 650 | _aEnglish Letters | ||
| 700 |
_aUniversity of Delhi. Faculty of Arts. Deptt. of English _91237235 |
||
| 942 | _cTH | ||
| 999 |
_c1849582 _d1849582 |
||